000 00855nas a2200265 4500
001 BR9602017
003 BR-BrBNA
005 20231205095730.0
007 ta
008 230509b bl.|||p| |||| 00| 00por d
040 _aBR-BrBNA
_bpor
_cBiblioteca Nacional de Agricultura
041 _a(Pt)
072 _aL70
100 1 _aSilva Filho, A. de P.F. da
100 1 _aBeck, C.A. de C.
100 1 _aOliveira, L.O. de
245 1 _aFistulacao ruminal em bovinos com adaptacao de canulas flexiveis de borracha
650 _aBovino
650 _aRumen Artificial
650 _aFistulacao
650 _aNutricao Animal
773 0 _tArquivos da Faculdade de Veterinaria da Universidade Federal do Rio Grande do Sul (Brazil)
_xISSN 0101-5230
_g(1995), v. 23 p. 125-134
_wBR9602017
909 _a202311
_bLúcia
_c55
_dLúcia Elande
942 _2AGRIS
_n0
_cANA
999 _c152406
_d152406